| 000 | 00722cab a2200229 4500 | ||
|---|---|---|---|
| 001 | ABS52061 | ||
| 008 | 090401t1995 xxu||||| |||| 00| 0 eng d | ||
| 035 | _a(Sirsi) u57505 | ||
| 041 | _aeng | ||
| 100 | _aCatt, R. | ||
| 245 | _aGlobal warming - it`s your fault | ||
| 260 | _c1995 | ||
| 350 | _a0 | ||
| 490 |
_aValuer (ISVA) _v64(1) January/February 1995, 2-3(2) |
||
| 520 | _aExamines the changes in building regulations Part L, conservation of fuel and power and Part F, ventilation, due to come into force 1 July 1995. | ||
| 650 |
_aBUILDING REGULATIONS _96224 |
||
| 650 | _aENERGY EFFICIENCY | ||
| 650 | _aU-VALUES | ||
| 690 | _aBUILDING AND CONSTRUCTION-REGULATIONS | ||
| 942 | _n0 | ||
| 948 | _c04/03/1997 | ||
| 999 |
_c35078 _d35078 |
||